00294nam a2200121Ia 4500008004100000041000800041082001700049100001700066245003400083260002200117365001600139700001700155230718s9999 xx 000 0 und d aeng a621.382bMOT aMotorola Inc aBipolar Power Transistor Data c1995bMcgraw Hill cRs.b750.00 aMotorola Inc